Normal view
MARC view
- Aneeq Ahmad
Entry Personal Name
001 - CONTROL NUMBER
- control field: 92276
003 - CONTROL NUMBER IDENTIFIER
- control field: NUST
005 - DATE AND TIME OF LATEST TRANSACTION
- control field: 20220703094602.0
008 - FIXED-LENGTH DATA ELEMENTS
- fixed length control field: 220703|| aca||aabn | a|a d
040 ## - CATALOGING SOURCE
- Original cataloging agency: NUST
- Transcribing agency: NUST
100 ## - HEADING--PERSONAL NAME
- Personal name: Aneeq Ahmad
670 ## - SOURCE DATA FOUND
- Source citation: Work cat.: (NUST)12978: Aneeq Ahmad , E-commerce website for customized clothes and products, 2014
